First aid textbook / (Record no. 48401)
[ view plain ]
| 000 -LEADER | |
|---|---|
| fixed length control field | 00781cam a2200265Ii 4500 |
| 001 - CONTROL NUMBER | |
| control field | 6781045 |
| 003 - CONTROL NUMBER IDENTIFIER | |
| control field | SIRSI |
| 005 - DATE AND TIME OF LATEST TRANSACTION | |
| control field | 20191015164021.0 |
| 008 - FIXED-LENGTH DATA ELEMENTS--GENERAL INFORMATION | |
| fixed length control field | 801002s1945 paua 001 0 eng d |
| 035 ## - SYSTEM CONTROL NUMBER | |
| System control number | (Sirsi) o06781045 |
| 035 ## - SYSTEM CONTROL NUMBER | |
| System control number | (Sirsi) 01-AAN-4622 |
| 036 ## - ORIGINAL STUDY NUMBER FOR COMPUTER DATA FILES | |
| Original study number | u134363 |
| 040 ## - CATALOGING SOURCE | |
| Original cataloging agency | VXP |
| Transcribing agency | VXP |
| Modifying agency | m.c. |
| -- | TSW |
| 049 ## - LOCAL HOLDINGS (OCLC) | |
| Holding library | TSWB |
| 110 2# - MAIN ENTRY--CORPORATE NAME | |
| Corporate name or jurisdiction name as entry element | American National Red Cross. |
| 245 10 - TITLE STATEMENT | |
| Title | First aid textbook / |
| Statement of responsibility, etc | prepared by the American National Red Cross for the instruction of first aid classes. |
| 250 ## - EDITION STATEMENT | |
| Edition statement | 4th ed., Rev. ed. |
| 260 ## - PUBLICATION, DISTRIBUTION, ETC. (IMPRINT) | |
| Place of publication, distribution, etc | New York : |
| Name of publisher, distributor, etc | DoubleDay & Company, |
| Date of publication, distribution, etc | 1953, 1957.. |
| 300 ## - PHYSICAL DESCRIPTION | |
| Extent | ix, 254 p. : |
| Other physical details | ill. ; |
| Dimensions | 20 cm. |
| 336 ## - CONTENT TYPE | |
| Content Type Term | text |
| 337 ## - MEDIA TYPE | |
| Media Type Term | unmediated |
| 338 ## - CARRIER TYPE | |
| Carrier Type Term | volume |
| 650 #0 - SUBJECT ADDED ENTRY--TOPICAL TERM | |
| Topical term or geographic name as entry element | First aid in illness and injury. |
| 942 ## - ADDED ENTRY ELEMENTS (KOHA) | |
| Source of classification or shelving scheme | Library of Congress Classification |
| Item type | Books |
| Withdrawn status | Lost status | Source of classification or shelving scheme | Damaged status | Not for loan | Home library | Current library | Shelving location | Date acquired | Inventory number | Total Checkouts | Full call number | Barcode | Date last seen | Price effective from | Koha item type |
|---|---|---|---|---|---|---|---|---|---|---|---|---|---|---|---|
| Library of Congress Classification | BSOP Library | BSOP Library | GC | 10/15/2019 | 4211 | RC87 F52 | 00021888 | 10/15/2019 | 10/15/2019 | Books |
